Представление документа в формате RUSMARC

ПолеНазваниеЗначение
  Тип записи a
  Библиографический уровень a
001 Контрольный номер UONB/MAIN/0c6ae05c5f03423b850691bdf13a9279
005 Дата корректировки 20260429132011.1
100 Данные общей обработки __
a Данные общей обработки 20260429 ||| 0rusy0189 ca
101 Язык документа 0_
a Язык текста rus
102 Страна публикации __
a Страна публикации RU
135 Кодированные данные (электронные ресурсы) __
a Кодированные данные (электронные ресурсы) dr
139 Кодированные данные (электронные ресурсы) __
a Кодированные данные (электронные ресурсы) ua
x Формат данных или файловое расширение pdf
200 Заглавие и сведения об ответственности 1_
a Заглавие Гносеологическая сущность завещания
f Первые сведения об ответственности Д. В. Тарасов
d Параллельное заглавие The Epistemological Essence of a Will
z Язык параллельного заглавия eng
203 Вид содержания и тип средства __
a Вид содержания Текст
b Характеристика содержания визуальный
c Тип средства электронный
320 Библиография __
a Библиография Библиогр.: с. 59 (10 назв.)
330 Аннотация __
a Аннотация В статье проводится комплексный гносеологический анализ завещания как правового феномена. Автор критически рассматривает устоявшееся в обыденном и частично в научном сознании определение завещания как простого акта последней воли человека. Исследуется правовая природа завещания в рамках российской цивилистической доктрины, где оно однозначно квалифицируется как односторонняя сделка. В работе доказывается, что завещание относится ко второй категории односторонних сделок, которые не навязывают адресатам негативные последствия и не ограничивают правовую автономию завещателя при его жизни.
333 Примечание о целевом назначении __
a Примечание о целевом назначении 16+
461 Уровень набора _0
1 2000
a Современное право
1 011
a 1991-6027
463 Уровень физической единицы _0
1 2000
a № 2
v С. 56-60
1 2101
d 2026
1 001UONB/MAIN/9256f66fbd0c4fc6b9335f9297937c4a
606 Тематические рубрики 0_
a Основная рубрика Право
606 Тематические рубрики 0_
a Основная рубрика Наследственное право
610 Ключевые слова 0_
a Ключевые слова завещание
610 Ключевые слова 0_
a Ключевые слова сделка
610 Ключевые слова 0_
a Ключевые слова завещательное возложение
610 Ключевые слова 0_
a Ключевые слова дарение
610 Ключевые слова 0_
a Ключевые слова завещатель
610 Ключевые слова 0_
a Ключевые слова наследники
610 Ключевые слова 0_
a Ключевые слова наследственный процесс
610 Ключевые слова 0_
a Ключевые слова наследование
610 Ключевые слова 0_
a Ключевые слова гносеологическая сущность
686 Индексы других классификаций __
2 Код системы rubbk
700 Автор _1
a Фамилия Тарасов
b Имя (инициалы) Д. В.
4 Код отношения 070
790 Имя лица - альтернативная форма _1
a Имя лица - альтернативная форма Tarasov
b Имя (инициалы) D. V.
4 Код отношения 070
801 Источник записи _0
a Страна RU
b Организация Ульяновская ОНБ
c Дата составления 20260424
g Правила каталогизации RCR
801 Источник записи _1
a Страна RU
b Организация Ульяновская ОНБ
c Дата составления 20260424
g Правила каталогизации RCR
901 Тип документа __
t Тип документа b
w Контрольный № источника UONB/MAIN/9256f66fbd0c4fc6b9335f9297937c4a